[Event "K41 Efteraars EMT Basis 1 2010"]
[Site "Valby"]
[Date "2010.09.07"]
[Round "1"]
[White "Abildgaard, Kenneth"]
[Black "Ibsen, Johan"]
[Result "1-0"]
[WhiteElo "1943"]
[BlackElo "1652"]
[PlyCount "57"]
[EventDate "2010.??.??"]
[SourceDate "2010.09.10"]

1. c4 f5 2. Nf3 Nf6 3. Nc3 e6 4. g3 Be7 5. Bg2 O-O 6. b3 d6 7. d4 Qe8 8. O-O
Nc6 9. Bb2 Bd7 10. d5 exd5 11. Nxd5 Rc8 12. Nd4 Ne4 13. Nxc6 bxc6 14. Qd4 Bf6
15. Nxf6+ Nxf6 16. Qxa7 Qxe2 17. Bxf6 Rxf6 18. Rae1 Qh5 19. Qb7 f4 20. Re7 Rh6
21. h4 Qf5 22. Bxc6 Bxc6 23. Qxc6 Rf6 24. Qe4 Qh3 25. Qg2 Qf5 26. g4 Qg6 27. f3
Re6 28. Re1 Re8 29. R1xe6 1-0

[Event "K41 Efteraars EMT Basis 1 2010"]
[Site "Valby"]
[Date "2010.09.07"]
[Round "1"]
[White "Hojland, Ulrik"]
[Black "Sorensen, Dick"]
[Result "1/2-1/2"]
[WhiteElo "1813"]
[BlackElo "1952"]
[PlyCount "59"]
[EventDate "2010.??.??"]
[SourceDate "2010.09.10"]

1. e4 c5 2. Nf3 e6 3. d4 cxd4 4. Nxd4 a6 5. Be2 Qc7 6. O-O Nf6 7. Qd3 Nc6 8.
Nxc6 bxc6 9. c4 Be7 10. Nd2 O-O 11. b3 d5 12. exd5 cxd5 13. Bb2 Rd8 14. Rfd1
Bb7 15. Rac1 Qf4 16. Nf3 Rac8 17. Be5 Qe4 18. Qxe4 Nxe4 19. Nd2 Nxd2 20. Rxd2
Bg5 21. f4 dxc4 22. Rxd8+ Bxd8 23. Rxc4 Bb6+ 24. Kf1 Rxc4 25. Bxc4 Kf8 26. g3
g6 27. h4 Ke7 28. Bc3 h5 29. Be5 Bc5 30. Bc3 1/2-1/2

[Event "K41 Efteraars EMT Basis 1 2010"]
[Site "Valby"]
[Date "2010.09.14"]
[Round "2"]
[White "Bruun, Esben"]
[Black "Hojland, Ulrik"]
[Result "1-0"]
[WhiteElo "1928"]
[BlackElo "1813"]
[PlyCount "49"]
[EventDate "2010.??.??"]
[SourceDate "2010.09.10"]

1. Nf3 Nf6 2. g3 d5 3. Bg2 Bf5 4. O-O h6 5. c4 e6 6. Nc3 c6 7. Qb3 Qc7 8. cxd5
exd5 9. d3 Bd6 10. Nd4 Bh7 11. e4 dxe4 12. Nxe4 Nxe4 13. Bxe4 Bxe4 14. Re1 O-O
15. Rxe4 Nd7 16. Nf5 Nc5 17. Qc3 f6 18. Rg4 Kh7 19. Rxg7+ Qxg7 20. Nxg7 Kxg7
21. Qd4 Rad8 22. Qg4+ Kh8 23. Bxh6 Rg8 24. Qh4 Rg7 25. Qh5 1-0

[Event "K41 Efteraars EMT Basis 1 2010"]
[Site "Valby"]
[Date "2010.09.14"]
[Round "2"]
[White "Ibsen, Johan"]
[Black "Nielsen, Soren Skovso"]
[Result "0-1"]
[WhiteElo "1652"]
[BlackElo "1653"]
[PlyCount "74"]
[EventDate "2010.??.??"]
[SourceDate "2010.09.10"]

1. e4 c5 2. Nc3 e6 3. Bc4 a6 4. a4 Nc6 5. f4 d6 6. Nf3 Nf6 7. d3 d5 8. exd5
exd5 9. Ba2 Be7 10. h3 d4 11. Ne4 Nxe4 12. dxe4 Bh4+ 13. Kf1 Be7 14. Kf2 Bd7
15. Re1 Nb4 16. Bc4 b5 17. axb5 axb5 18. Rxa8 Qxa8 19. Bf1 Bc6 20. Ne5 O-O 21.
Nxc6 Qxc6 22. Kg1 c4 23. g3 Bc5 24. Kh2 Qb6 25. Bg2 d3 26. cxd3 Nxd3 27. Re2
Rd8 28. Qf1 Ra8 29. Qd1 Rd8 30. Rc2 Ra8 31. e5 Rd8 32. Qf1 h6 33. Rd2 Be3 34.
Rxd3 Rxd3 35. Bxe3 Rxe3 36. Qf2 Qd4 37. h4 Rd3 0-1

[Event "K41 Efteraars EMT Basis 1 2010"]
[Site "Valby"]
[Date "2010.09.14"]
[Round "2"]
[White "Karup, Jesper"]
[Black "Abildgaard, Kenneth"]
[Result "0-1"]
[WhiteElo "1733"]
[BlackElo "1943"]
[PlyCount "74"]
[EventDate "2010.??.??"]
[SourceDate "2010.09.10"]

1. e4 e5 2. Nf3 Nf6 3. Nxe5 d6 4. Nf3 Nxe4 5. d4 Be7 6. Bd3 d5 7. Qe2 O-O 8.
O-O f5 9. Ne5 Nd7 10. Nxd7 Bxd7 11. c4 c6 12. f3 Nf6 13. Qc2 dxc4 14. Bxc4+ Kh8
15. Nc3 b5 16. Bb3 a5 17. a4 b4 18. Ne2 Bd6 19. Bf4 Qc7 20. Qd2 Rae8 21. Bxd6
Qxd6 22. Rac1 Be6 23. Bxe6 Rxe6 24. Rc5 Rfe8 25. Nf4 Re5 26. Rfc1 Re3 27. g3
Rxf3 28. Rxc6 Qd7 29. d5 Qa7+ 30. Kg2 Ne4 31. Rc8 Rg8 32. d6 Rf2+ 33. Qxf2
Qxf2+ 34. Kh1 Qf3+ 35. Kg1 Qe3+ 36. Kh1 Qf3+ 37. Kg1 Nxd6 0-1

[Event "K41 Efteraars EMT Basis 1 2010"]
[Site "Valby"]
[Date "2010.09.14"]
[Round "2"]
[White "Kokholm, Daniel"]
[Black "Sorensen, Dick"]
[Result "0-1"]
[WhiteElo "1842"]
[BlackElo "1952"]
[PlyCount "60"]
[EventDate "2010.??.??"]
[SourceDate "2010.09.10"]

1. e4 c5 2. Nf3 e6 3. b4 cxb4 4. d4 d6 5. a3 bxa3 6. c3 Nf6 7. Bd3 Be7 8. Bxa3
O-O 9. O-O Nc6 10. h3 Re8 11. Nh2 e5 12. d5 Nb8 13. f4 exf4 14. Rxf4 Nbd7 15.
Bc1 Qb6+ 16. Kh1 Ne5 17. Bc2 Bd7 18. g4 Ng6 19. Rf1 Bb5 20. Rf3 Bf8 21. Na3 Ba6
22. Be3 Qc7 23. Qd4 Rac8 24. Bd2 Qc5 25. Qa4 Nxd5 26. exd5 Nh4 27. Bg5 Nxf3 28.
Nxf3 Qxd5 29. Kg2 Be2 30. Qf4 Rxc3 0-1

[Event "K41 Efteraars EMT Basis 1 2010"]
[Site "Valby"]
[Date "2010.09.21"]
[Round "3"]
[White "Abildgaard, Kenneth"]
[Black "Kokholm, Daniel"]
[Result "1-0"]
[WhiteElo "1943"]
[BlackElo "1842"]
[PlyCount "109"]
[EventDate "2010.??.??"]
[SourceDate "2010.09.10"]

1. c4 Nf6 2. Nc3 g6 3. g3 Bg7 4. Bg2 O-O 5. Nf3 d6 6. O-O Nc6 7. d4 e5 8. dxe5
dxe5 9. Qxd8 Rxd8 10. Be3 Be6 11. b3 Ng4 12. Bg5 f6 13. h3 Nh6 14. Bd2 a6 15.
Rad1 Ne7 16. Ne4 Nf7 17. Nc5 Bc8 18. Nh2 Rb8 19. Bb4 Nd6 20. Ne4 Nef5 21. c5
Nf7 22. g4 Nh4 23. Rxd8+ Nxd8 24. Rd1 Nc6 25. Bc3 Nxg2 26. Kxg2 Be6 27. f4 Rd8
28. Rxd8+ Nxd8 29. Nf3 Bd5 30. Ned2 exf4 31. Kf2 Ne6 32. Bb4 Bf8 33. e4 fxe3+
34. Kxe3 b6 35. Nd4 Bh6+ 36. Kd3 Nf4+ 37. Kc3 b5 38. c6 Bxc6 39. Nxc6 Nxh3 40.
Ne4 Bg7 41. Kd2 f5 42. gxf5 gxf5 43. Ng3 f4 44. Nf5 Bf6 45. Ke2 Ng5 46. Be7 Kf7
47. Nh6+ Kg6 48. Ng4 Bc3 49. Bxg5 Kxg5 50. Kf3 a5 51. Na7 a4 52. Nxb5 axb3 53.
axb3 h5 54. Nf2 c5 55. Nxc3 1-0

[Event "K41 Efteraars EMT Basis 1 2010"]
[Site "Valby"]
[Date "2010.09.21"]
[Round "3"]
[White "Hojland, Ulrik"]
[Black "Ibsen, Johan"]
[Result "1-0"]
[WhiteElo "1813"]
[BlackElo "1652"]
[PlyCount "49"]
[EventDate "2010.??.??"]
[SourceDate "2010.09.10"]

1. e4 e6 2. d4 d5 3. Nd2 Nf6 4. e5 Nfd7 5. Ngf3 c5 6. c3 Nc6 7. Be2 Qb6 8. Nb3
cxd4 9. cxd4 Be7 10. O-O O-O 11. Re1 f6 12. exf6 Nxf6 13. Bd3 Bd7 14. Bg5 Rac8
15. Ne5 Rc7 16. Nxd7 Nxd7 17. Qh5 Nf6 18. Bxf6 Bxf6 19. Bxh7+ Kh8 20. Bf5+ Kg8
21. Bxe6+ Rff7 22. Bxf7+ Rxf7 23. Re8+ Rf8 24. Qxd5+ Kh7 25. Rxf8 1-0

[Event "K41 Efteraars EMT Basis 1 2010"]
[Site "Valby"]
[Date "2010.09.21"]
[Round "3"]
[White "Nielsen, Soren Skovso"]
[Black "Karup, Jesper"]
[Result "0-1"]
[WhiteElo "1653"]
[BlackElo "1733"]
[PlyCount "116"]
[EventDate "2010.??.??"]
[SourceDate "2010.09.10"]

1. e4 e6 2. Nf3 d5 3. exd5 exd5 4. d4 Bd6 5. Bg5 f6 6. Bd2 c5 7. Bb5+ Bd7 8.
Qe2+ Ne7 9. dxc5 Bxc5 10. Nc3 O-O 11. Bxd7 Qxd7 12. O-O Nbc6 13. Qb5 Qd6 14. a3
a6 15. Qd3 Ne5 16. Nxe5 Qxe5 17. Rae1 Qd6 18. Re2 Rfe8 19. Rfe1 Qd7 20. Nxd5
Rad8 21. Nxe7+ Rxe7 22. Qc4+ Qd5 23. Qxd5+ Rxd5 24. Be3 Bxe3 25. Rxe3 Rxe3 26.
fxe3 Rd2 27. Rc1 Kf7 28. Kf1 Ke6 29. b3 Ke5 30. c4 Rd3 31. Rb1 Ke4 32. Kf2 g5
33. Rb2 h5 34. a4 Rxe3 35. b4 Kd4 36. b5 Re6 37. Rc2 Kd3 38. Rc1 Kd2 39. Rb1
Kc2 40. Ra1 Kb3 41. c5 axb5 42. axb5 Kc4 43. c6 bxc6 44. b6 Re8 45. Rb1 Rb8 46.
b7 Kc5 47. Rb2 Kd6 48. Ke3 f5 49. Kd4 Kc7 50. Ke5 Rxb7 51. Rxb7+ Kxb7 52. Kxf5
g4 53. g3 Kb6 54. Ke4 Kb5 55. Kd4 Kb4 56. Kd3 c5 57. Kc2 Kc4 58. Kc1 Kc3 0-1

[Event "K41 Efteraars EMT Basis 1 2010"]
[Site "Valby"]
[Date "2010.09.21"]
[Round "3"]
[White "Sorensen, Dick"]
[Black "Bruun, Esben"]
[Result "1-0"]
[WhiteElo "1952"]
[BlackElo "1928"]
[PlyCount "99"]
[EventDate "2010.??.??"]
[SourceDate "2010.09.10"]

1. c4 Nf6 2. Nc3 g6 3. e4 d6 4. d4 Bg7 5. f4 O-O 6. Nf3 c5 7. d5 e6 8. Bd3 exd5
9. cxd5 Re8 10. O-O Nbd7 11. Kh1 c4 12. Bc2 Nc5 13. e5 Ng4 14. h3 Nh6 15. Be3
b6 16. Nb5 dxe5 17. fxe5 Bf5 18. Nd6 Rxe5 19. Nxe5 Qxd6 20. Nxc4 Bxc2 21. Nxd6
Bxd1 22. Raxd1 Rd8 23. Bxh6 Rxd6 24. Bf4 Rd8 25. Rf2 Ne4 26. Rc2 g5 27. Bh2 f5
28. g4 f4 29. Kg2 Nf6 30. d6 Bf8 31. d7 Kf7 32. Rc7 Ke6 33. Rxa7 Nd5 34. Bg1
Bc5 35. Bxc5 bxc5 36. Re1+ Kd6 37. Re8 Rxd7 38. Rxd7+ Kxd7 39. Rh8 Nf6 40. Kf3
Ke6 41. a4 Kd5 42. Rf8 Nd7 43. Rd8 Kc6 44. Rg8 h6 45. Rg6+ Kd5 46. Rxh6 Ne5+
47. Ke2 Ke4 48. Re6 Kd5 49. Rxe5+ Kxe5 50. Kf3 1-0

[Event "K41 Efteraars EMT Basis 1 2010"]
[Site "Valby"]
[Date "2010.09.28"]
[Round "4"]
[White "Abildgaard, Kenneth"]
[Black "Nielsen, Soren Skovso"]
[Result "1-0"]
[WhiteElo "1943"]
[BlackElo "1653"]
[PlyCount "116"]
[EventDate "2010.??.??"]
[SourceDate "2010.09.10"]

1. e4 e5 2. Nf3 Nc6 3. Bc4 Be7 4. Nc3 Nf6 5. Bb5 d6 6. d4 exd4 7. Nxd4 Bd7 8.
Nxc6 bxc6 9. Ba4 O-O 10. O-O d5 11. Re1 Bb4 12. Bg5 h6 13. Bxf6 Qxf6 14. exd5
Bxc3 15. bxc3 Rad8 16. c4 cxd5 17. Bxd7 Rxd7 18. cxd5 c6 19. c4 cxd5 20. Rb1
Qc6 21. cxd5 Rxd5 22. Qf3 Rfd8 23. Re7 Qf6 24. Rxa7 Qg6 25. Re1 Rd3 26. Qe2 Rd2
27. Qf3 R2d3 28. Qe2 Rd2 29. Qe7 Qf5 30. Qe3 R2d3 31. Qb6 R3d6 32. Qb3 Rd2 33.
Qf3 Qg6 34. h3 R2d3 35. Qg4 Qf6 36. a4 Rd2 37. Qf3 Qg6 38. Ree7 Rf8 39. a5 Ra2
40. Qb3 Ra1+ 41. Kh2 Qd6+ 42. Qg3 Qd1 43. Qf3 Qd6+ 44. Qg3 Qd1 45. Qf4 Qh1+ 46.
Kg3 Ra3+ 47. Re3 Rxe3+ 48. fxe3 h5 49. h4 Qb1 50. a6 Qb6 51. Qd4 Qb8+ 52. Kh3
Rd8 53. Qc5 Qb3 54. Re7 Qd1 55. Qg5 Qh1+ 56. Kg3 Qd1 57. a7 Kf8 58. Rb7 Qd7 1-0

[Event "K41 Efteraars EMT Basis 1 2010"]
[Site "Valby"]
[Date "2010.09.28"]
[Round "4"]
[White "Ibsen, Johan"]
[Black "Sorensen, Dick"]
[Result "1/2-1/2"]
[WhiteElo "1652"]
[BlackElo "1952"]
[PlyCount "39"]
[EventDate "2010.??.??"]
[SourceDate "2010.09.10"]

1. f4 d5 2. Nf3 c5 3. e3 Nc6 4. d4 Bg4 5. c3 e6 6. Bd3 Nf6 7. O-O Bd6 8. Nbd2
cxd4 9. cxd4 O-O 10. Qe1 Nb4 11. Bb1 Qc7 12. Ne5 Nc2 13. Bxc2 Qxc2 14. Rf2 Qc7
15. Nxg4 Nxg4 16. Re2 f5 17. Nf3 Nf6 18. Bd2 Ne4 19. Rc1 Qd7 20. Bb4 1/2-1/2

[Event "K41 Efteraars EMT Basis 1 2010"]
[Site "Valby"]
[Date "2010.09.28"]
[Round "4"]
[White "Karup, Jesper"]
[Black "Hojland, Ulrik"]
[Result "1-0"]
[WhiteElo "1733"]
[BlackElo "1813"]
[PlyCount "101"]
[EventDate "2010.??.??"]
[SourceDate "2010.09.10"]

1. e4 e5 2. Nf3 d6 3. d4 exd4 4. Nxd4 Nf6 5. Nc3 Be7 6. Be2 O-O 7. Bf4 Nbd7 8.
g4 Ne5 9. Nf5 Bxf5 10. gxf5 Re8 11. Qd2 c6 12. O-O-O b5 13. Qe3 Qb6 14. Qg3 Kh8
15. Rhg1 Rg8 16. Be3 Qa5 17. f4 b4 18. fxe5 bxc3 19. exf6 cxb2+ 20. Kb1 Bxf6
21. Bd4 Rab8 22. Bxf6 gxf6 23. Qxd6 Qc3 24. Qd4 Qxd4 25. Rxg8+ Rxg8 26. Rxd4
Rg2 27. Bh5 Rxh2 28. Bxf7 h5 29. Be8 c5 30. Rd7 h4 31. Rf7 Re2 32. Rxf6 Rxe4
33. Bc6 Rf4 34. Kxb2 Kg7 35. Rg6+ Kh7 36. Bd7 h3 37. Rg1 h2 38. Rh1 Rh4 39. Kc3
Kh6 40. Kd3 Kg5 41. Ke3 a5 42. a4 Rh3+ 43. Ke4 Rh7 44. Be6 Kg4 45. f6+ Kg3 46.
f7 Rh8 47. Ke5 Kg2 48. Bd5+ Kh3 49. Ke6 Rh6+ 50. Ke7 Rh7 51. Ke8 1-0

[Event "K41 Efteraars EMT Basis 1 2010"]
[Site "Valby"]
[Date "2010.09.28"]
[Round "4"]
[White "Kokholm, Daniel"]
[Black "Bruun, Esben"]
[Result "0-1"]
[WhiteElo "1842"]
[BlackElo "1928"]
[PlyCount "46"]
[EventDate "2010.??.??"]
[SourceDate "2010.09.10"]

1. d4 Nf6 2. Nc3 g6 3. e4 d6 4. f3 Bg7 5. Be3 Nbd7 6. Qd2 a6 7. Bh6 Bxh6 8.
Qxh6 c5 9. d5 b5 10. O-O-O b4 11. Nce2 Qa5 12. Kb1 Nb6 13. h4 Na4 14. Qe3 Rb8
15. Ka1 Bd7 16. e5 dxe5 17. Qxe5 O-O 18. Qxe7 Nxd5 19. Rxd5 b3 20. Nc1 Be6 21.
h5 Qc3 22. Nd3 Nxb2 23. Rxc5 Nc4+ 0-1

[Event "K41 Efteraars EMT Basis 1 2010"]
[Site "Valby"]
[Date "2010.10.05"]
[Round "5"]
[White "Bruun, Esben"]
[Black "Ibsen, Johan"]
[Result "1-0"]
[WhiteElo "1928"]
[BlackElo "1652"]
[PlyCount "78"]
[EventDate "2010.??.??"]
[SourceDate "2010.09.10"]

1. Nf3 d5 2. c4 e6 3. g3 c6 4. Bg2 f5 5. d4 Nf6 6. Bf4 Be7 7. Nc3 O-O 8. e3 Qe8
9. O-O Nbd7 10. Ng5 Bb4 11. Qb3 Bxc3 12. bxc3 h6 13. Nf3 Ne4 14. Rfd1 Ndf6 15.
Nd2 Nxd2 16. Rxd2 Ne4 17. Rb2 g5 18. Be5 g4 19. cxd5 exd5 20. a4 Rf7 21. a5 h5
22. f3 gxf3 23. Bxf3 Rh7 24. Rf1 h4 25. gxh4 Rg7+ 26. Bxg7 Kxg7 27. Rg2+ Kh7
28. Qc2 Be6 29. Bxe4 dxe4 30. Rg5 Qf7 31. Qf2 Rg8 32. Qf4 Rg6 33. Kf2 Bd7 34.
Rfg1 Qa2+ 35. Kg3 Qf7 36. Kh3 Rxg5 37. Rxg5 Be6 38. Kg3 b6 39. axb6 axb6 1-0

[Event "K41 Efteraars EMT Basis 1 2010"]
[Site "Valby"]
[Date "2010.10.05"]
[Round "5"]
[White "Hojland, Ulrik"]
[Black "Abildgaard, Kenneth"]
[Result "1-0"]
[WhiteElo "1813"]
[BlackElo "1943"]
[PlyCount "63"]
[EventDate "2010.??.??"]
[SourceDate "2010.09.10"]

1. c4 c5 2. Nc3 Nc6 3. g3 g6 4. Bg2 Bg7 5. Nf3 Nf6 6. d4 cxd4 7. Nxd4 O-O 8.
O-O Ng4 9. Nxc6 dxc6 10. Bg5 f6 11. Bd2 Be6 12. b3 Qd4 13. Qc2 Rad8 14. Rad1
Qb6 15. Na4 Qc7 16. Nc5 Bf7 17. Bh3 f5 18. e4 Bd4 19. Bxg4 fxg4 20. Be3 Bxe3
21. fxe3 b6 22. Nd3 h5 23. e5 g5 24. Rf5 Kg7 25. Rdf1 e6 26. Rxg5+ Kh6 27. Rf6+
Kxg5 28. Qf2 Qxe5 29. Nxe5 Rd1+ 30. Kg2 Rd7 31. Nxf7+ Rfxf7 32. Rxf7 1-0

[Event "K41 Efteraars EMT Basis 1 2010"]
[Site "Valby"]
[Date "2010.10.05"]
[Round "5"]
[White "Nielsen, Soren Skovso"]
[Black "Kokholm, Daniel"]
[Result "0-1"]
[WhiteElo "1653"]
[BlackElo "1842"]
[PlyCount "80"]
[EventDate "2010.??.??"]
[SourceDate "2010.09.10"]

1. Nf3 Nf6 2. e3 g6 3. d4 Bg7 4. Bd3 O-O 5. Nbd2 d6 6. h3 Nbd7 7. c3 e5 8. dxe5
dxe5 9. e4 c6 10. O-O Ne8 11. Bc2 h6 12. Nc4 Qc7 13. Be3 b5 14. Ncd2 Nd6 15.
Qc1 f5 16. exf5 gxf5 17. Nb3 Rf6 18. Nc5 Nxc5 19. Bxc5 Nb7 20. Be3 f4 21. Bd2
Be6 22. Re1 Rff8 23. b3 Rad8 24. Re2 Bd5 25. Be4 Bxe4 26. Rxe4 Nc5 27. Re2 Nd3
28. Qc2 c5 29. Ne1 c4 30. b4 Qb6 31. a4 a6 32. a5 Qa7 33. Rd1 e4 34. Bc1 Rde8
35. Qa2 Bxc3 36. Nxd3 exd3 37. Rxe8 Rxe8 38. Bxf4 Re2 39. Be3 Qxe3 40. fxe3
Rxa2 0-1

[Event "K41 Efteraars EMT Basis 1 2010"]
[Site "Valby"]
[Date "2010.10.05"]
[Round "5"]
[White "Sorensen, Dick"]
[Black "Karup, Jesper"]
[Result "1/2-1/2"]
[WhiteElo "1952"]
[BlackElo "1733"]
[PlyCount "25"]
[EventDate "2010.??.??"]
[SourceDate "2010.09.10"]

1. c4 c5 2. Nc3 Nf6 3. g3 e6 4. Bg2 d5 5. cxd5 exd5 6. d3 Nc6 7. Bg5 Be7 8. Qd2
Be6 9. Nf3 Rc8 10. O-O d4 11. Bxf6 Bxf6 12. Ne4 Be7 13. Rfc1 1/2-1/2

[Event "K41 Efteraars EMT Basis 1 2010"]
[Site "Valby"]
[Date "2010.10.12"]
[Round "6"]
[White "Abildgaard, Kenneth"]
[Black "Sorensen, Dick"]
[Result "0-1"]
[WhiteElo "1943"]
[BlackElo "1952"]
[PlyCount "42"]
[EventDate "2010.??.??"]
[SourceDate "2010.09.10"]

1. d4 d5 2. c4 e6 3. Nc3 Be7 4. Nf3 Nf6 5. Bf4 c6 6. Rc1 O-O 7. c5 b6 8. b4 a5
9. Na4 Nbd7 10. bxa5 bxc5 11. Bd2 Ne4 12. dxc5 Nxd2 13. Qxd2 Qxa5 14. Nb6 Qxd2+
15. Nxd2 Rxa2 16. Nxd7 Bxd7 17. e3 Rb8 18. Rd1 Bxc5 19. Bd3 Bb4 20. Rf1 c5 21.
Bb1 Bxd2+ 0-1

[Event "K41 Efteraars EMT Basis 1 2010"]
[Site "Valby"]
[Date "2010.10.12"]
[Round "6"]
[White "Kokholm, Daniel"]
[Black "Ibsen, Johan"]
[Result "1-0"]
[WhiteElo "1842"]
[BlackElo "1652"]
[PlyCount "61"]
[EventDate "2010.??.??"]
[SourceDate "2010.09.10"]

1. d4 e6 2. e4 d5 3. Be3 Nf6 4. Nd2 c5 5. c3 cxd4 6. cxd4 Qa5 7. e5 Ne4 8. a3
Nxd2 9. Bxd2 Qb6 10. Bc3 Bd7 11. Bd3 Bb5 12. Bc2 Nd7 13. a4 Bc4 14. a5 Qd8 15.
Ne2 Be7 16. O-O O-O 17. Re1 Rc8 18. Nf4 Bg5 19. Nh3 Bh6 20. Qh5 f5 21. exf6
Nxf6 22. Qe5 Rc6 23. Ba4 Ra6 24. Bb4 Ng4 25. Qg3 Nf6 26. Bxf8 Qxf8 27. f3 Bd2
28. Re5 Bxa5 29. Qf2 Bc7 30. Ree1 Bb6 31. Qd2 1-0

[Event "K41 Efteraars EMT Basis 1 2010"]
[Site "Valby"]
[Date "2010.10.26"]
[Round "7"]
[White "Bruun, Esben"]
[Black "Abildgaard, Kenneth"]
[Result "0-1"]
[WhiteElo "1928"]
[BlackElo "1943"]
[PlyCount "104"]
[EventDate "2010.??.??"]
[SourceDate "2010.09.10"]

1. Nf3 Nf6 2. g3 g6 3. b3 Bg7 4. Bb2 O-O 5. Bg2 Nc6 6. O-O d5 7. c4 Be6 8. d3
d4 9. b4 Nxb4 10. Nxd4 Bc8 11. a3 c5 12. axb4 cxd4 13. Na3 a6 14. Nc2 e5 15.
Ra5 Ng4 16. e3 dxe3 17. Nxe3 Nxe3 18. fxe3 b6 19. Rd5 Qe7 20. Qa1 Bb7 21. Bxe5
f6 22. Bd4 Kh8 23. Bxb6 Bxd5 24. Bc5 Qe8 25. Bxd5 Rc8 26. e4 f5 27. Qxa6 Rf6
28. Qb7 fxe4 29. Re1 Rxc5 30. bxc5 Qf8 31. Qa8 Qxa8 32. Bxa8 exd3 33. c6 Rf8
34. Bb7 Bd4+ 35. Kg2 Bb6 36. Rd1 Rf2+ 37. Kh3 d2 38. Ba6 Kg7 39. Kg4 h5+ 40.
Kh3 Bc7 41. Bc8 Kh6 42. Bd7 g5 43. Be6 g4+ 44. Bxg4 hxg4+ 45. Kxg4 Rxh2 46. Kf3
Kg5 47. g4 Bf4 48. Ke4 Re2+ 49. Kd5 Re7 50. c5 Kxg4 51. Rxd2 Bxd2 52. Kd6 Rg7
0-1

[Event "K41 Efteraars EMT Basis 1 2010"]
[Site "Valby"]
[Date "2010.10.26"]
[Round "7"]
[White "Ibsen, Johan"]
[Black "Karup, Jesper"]
[Result "0-1"]
[WhiteElo "1652"]
[BlackElo "1733"]
[PlyCount "154"]
[EventDate "2010.??.??"]
[SourceDate "2010.09.10"]

1. e4 Nf6 2. e5 Nd5 3. Bc4 Nb6 4. Bb3 c5 5. c3 d6 6. exd6 Qxd6 7. Qf3 e6 8. Ne2
Nc6 9. d4 cxd4 10. cxd4 Nxd4 11. Nxd4 Qxd4 12. O-O Be7 13. Nc3 O-O 14. Be3 Qf6
15. Qh5 Qg6 16. Qf3 Nd7 17. Rac1 Ne5 18. Qh3 Qg4 19. Qxg4 Nxg4 20. Bf4 Bd7 21.
h3 Nf6 22. Rfe1 Bc6 23. Ne2 Rfd8 24. Bc2 Nd5 25. Bg3 Nb4 26. Bb1 Nd3 27. Bxd3
Rxd3 28. Be5 Bf6 29. Bxf6 gxf6 30. Rc2 Rad8 31. Nf4 Rd2 32. Rec1 Kf8 33. a3 Ke7
34. b4 Rxc2 35. Rxc2 e5 36. Ne2 Rd3 37. Nc3 b5 38. f3 Kd7 39. Kf2 f5 40. a4 a6
41. a5 e4 42. f4 h5 43. h4 Rd4 44. Rb2 Rd3 45. Rc2 Rd6 46. Rb2 Rg6 47. Nd1 Rg4
48. g3 Rg6 49. Ne3 Rf6 50. Rc2 Bb7 51. Rc5 Ke6 52. Re5+ Kd6 53. Nxf5+ Kd7 54.
Re7+ Kc8 55. Re8+ Kd7 56. Re7+ Kc8 57. Re5 Kd8 58. Ng7 Rd6 59. Rxh5 Rd4 60.
Rh8+ Kd7 61. h5 Rxb4 62. h6 Rb2+ 63. Ke3 Rh2 64. g4 b4 65. Nh5 b3 66. h7 b2 67.
Rd8+ Kc7 68. Rd1 Rh3+ 69. Kf2 e3+ 70. Ke2 Bf3+ 71. Kd3 Bxd1 72. h8=Q b1=Q+ 73.
Kc4 Qb3+ 74. Kc5 Qb5+ 75. Kd4 Qb2+ 76. Kc5 Qxh8 77. Kc4 e2 0-1